Hegemonía empresarial y estrategias de control sistémico (Registro nro. 34729)

Detalles MARC
000 -LEADER
fixed length control field 00340 a2200109 4500
001 - CONTROL NUMBER
control field ART_44988
005 - DATE AND TIME OF LATEST TRANSACTION
control field 20260410162039.0
008 - FIXED-LENGTH DATA ELEMENTS--GENERAL INFORMATION
fixed length control field 260409a
100 1# - MAIN ENTRY--PERSONAL NAME
Personal name Figari, Claudia
245 10 - TITLE STATEMENT
Title Hegemonía empresarial y estrategias de control sistémico
773 0# - HOST ITEM ENTRY
Title Estudios del trabajo
Related parts - Nº 46 (jul./dic. 2013)
Record control number REV44896

No hay ítems disponibles.